[Event "FRM-ch U16"]
[Site "Struga"]
[Date "2021.06.28"]
[Round "7"]
[White "Xheladini, Valton"]
[Black "Petreski, Leonid"]
[Result "1/2-1/2"]
[WhiteElo "1410"]
[BlackElo "1761"]
[PlyCount "100"]
[EventDate "2021.06.22"]
[EventType "swiss"]
[EventRounds "7"]
[EventCountry "MKD"]
[SourceTitle "EXT 2022"]
[Source "ChessBase"]
[SourceDate "2021.10.06"]
[SourceVersion "1"]
[SourceVersionDate "2021.10.06"]
[SourceQuality "1"]

1. e4 c5 2. Nf3 Nc6 3. Bb5 g6 4. 0-0 Bg7 5. Re1 Nh6 6. c3 0-0 7. d3 f5 8. Bg5 Nf7 9. Qb3 h6 10. exf5 gxf5 11. Bh4 Re8 12. Bc4 Rf8 13. Bd5 Qb6 14. Bxe7 Nxe7 15. Qxb6 axb6 16. Rxe7 Bf6 17. Rxf7 Rxf7 18. Na3 Kg7 19. Bxf7 Kxf7 20. Nc4 b5 21. Nd6+ Ke6 22. Nxb5 Ra5 23. Re1+ Kd5 24. c4+ Kc6 25. Re8 Ra8 26. Rf8 Bxb2 27. Rg8 b6 28. Nh4 d6 29. Nxf5 Kd7 30. Nfxd6 Rxa2 31. g3 Ba6 32. Rg6 h5 33. Rh6 Be5 34. Kg2 Rd2 35. Rh7+ Ke6 36. Nc7+ Kxd6 37. Nxa6 Kc6 38. Rxh5 Bd4 39. Rh7 Rxf2+ 40. Kh3 Rd2 41. Nb8+ Kd6 42. Nd7 Bg1 43. Kg4 Bxh2 44. Nxb6 Bg1 45. Kh5 Rh2+ 46. Kg6 Rg2 47. Kf5 Rxg3 48. Rh6+ Kc7 49. Ke4 Re3+ 50. Kd5 Rxd3+ 1/2-1/2